| 000 -CABECERA |
| fixed length control field |
00876nam a22002177a 4500 |
| 003 - IDENTIFICADOR DEL NÚMERO DE CONTROL |
| control field |
AR-CdUCM |
| 008 - DATOS DE LONGITUD FIJA--INFORMACIÓN GENERAL |
| fixed length control field |
190404b ||||| |||| 00| 0 spa d |
| 040 ## - FUENTE DE LA CATALOGACIÓN |
| Agencia/entidad que catalogó originalmente la obra |
MUNICIPALIDAD PROVINCIAL DEL CUSCO |
| Entidad que transcribió la catalogación |
BIBLIOTECA MUNICIPAL DEL CUSCO |
| 082 ## - NÚMERO DE LA CLASIFICACIÓN DECIMAL DEWEY |
| No. de la edición |
2ed |
| No. de Clasificación |
621.384 / 1943 / |
| Notacion interna |
R49 |
| 100 ## - ENTRADA PRINCIPAL--NOMBRE DE PERSONA |
| Nombre Personal |
Rhein, Eduard |
| 245 ## - MENCIÓN DE TÍTULO |
| Título |
Maravillas de las ondas : |
| Resto del título |
La radiodifusión y la televisión descritas para todos / |
| 260 ## - PUBLICACIÓN, DISTRIBUCIÓN, ETC. |
| Lugar de publicación, distribución, etc. |
Barcelona : |
| Nombre de la editorial, distribuidor, etc. |
Editorial Labor, |
| Fecha de publicación, distribución, etc. |
1943. |
| 300 ## - DESCRIPCIÓN FÍSICA |
| Nº de Páginas Extensión |
338 páginas ; |
| Otros detalles físicos |
Ilustraciones, |
| Dimensiones |
22 cm. |
| 505 ## - NOTA DE CONTENIDO CON FORMATO |
| Nota de contenido formateada |
Contenido: Ondas, ondas y...ondas -- El mundo de los sonidos -- Un oído común para millones de hombres -- Más sobre las ondas... |
| 650 ## - PUNTO DE ACCESO ADICIONAL DE MATERIA--TÉRMINO DE MATERIA |
| Descriptor |
Ondas de radio |
| 9 (RLIN) |
28943 |
| 650 ## - PUNTO DE ACCESO ADICIONAL DE MATERIA--TÉRMINO DE MATERIA |
| Descriptor |
Electrones |
| 9 (RLIN) |
20880 |
| 650 ## - PUNTO DE ACCESO ADICIONAL DE MATERIA--TÉRMINO DE MATERIA |
| Descriptor |
Sonidos vivos |
| 9 (RLIN) |
28944 |
| 700 ## - PUNTO DE ACCESO ADICIONAL--NOMBRE DE PERSONA |
| Nombre Personal |
Rodríguez, Estanislao (versión en español) |
| 9 (RLIN) |
28945 |
| 942 ## - ELEMENTOS DE PUNTO DE ACCESO ADICIONAL (KOHA) |
| Fuente de clasificación |
|
| Tipo de item |
Libros-BMC |
| 945 ## - PROCESAMIENTO DE INFORMACIÓN LOCAL (OCLC) |
| Catalogador |
davv |